00988 a2200181 45000010006000000050017000060080041000230030015000640400040000790800052001192450080001710200022002512640030002733000019003035050457003220410008007791000019007876048220260407155856.0260407a2003 arg spa dAR-UNSa-BCEJYS aAR-UNSa-BCEJYSbspacAR-UNSa-BCEJYS a320xCiencia Política (Política y Gobierno)10aEl nuevo institucionalismopLa teoría institucional en ciencia política a978-84-7432-887-5 1aBarcelona :bGedisac2003 a254 p.c22 cm. a1. Viejo y nuevo institucionalismo - 2. Las raíces del nuevo institucionalismo: el institucionalismo normativo – 3. Teoría de la elección racional y teoría institucional – 4. El legado del pasado: el institucionalismo histórico – 5. Institucionalismo empírico – 6. Institucionalismo sociológico – 7. Institución de representación de intereses – 8. Institucionalismo internacional – 9. ¿Un institucionalismo o muchos? -  aspa1 aPeters, B. Guy